La Ilíada

Salvato in:
Dettagli Bibliografici
Autore principale: Homero (autor)
Natura: Libro
Lingua:spagnolo
Pubblicazione: Ciudad de México Porrúa 1977
Edizione:18a. ed
Serie:Sepan Cuantos, 2
Soggetti:
Tags: Aggiungi Tag
Nessun Tag, puoi essere il primo ad aggiungerne!!

MARC

LEADER 00000nam a2200000 a 4500
001 UCH8412
003 CL-VaPUC
008 091127e19770000MX |||||||||||||||||spa|d
082 0 4 |a 883  |b HOM  |2 21 
100 |a Homero   |e autor  |9 265577 
245 1 3 |a La Ilíada 
250 |a 18a. ed 
300 |a 267 p 
942 |c BK 
945 |d 20091127 00:00:00 
260 |a Ciudad de México  |b Porrúa  |c 1977 
650 7 |a POESIA EPICA GRIEGA  |2 CL-VaPUC  |9 265215 
583 |a last modification  |c 20091127 00:00:00  |k Rodrigo Vera 
490 0 |a Sepan Cuantos, 2 
999 |c 338626  |d 338624